|
|
|
|
| LEADER |
00945nam a2200253 u 4500 |
| 001 |
10049224 |
| 003 |
upatras |
| 005 |
20210117200401.0 |
| 008 |
040112s2000 uk eng |
| 020 |
|
|
|a 0199252610
|
| 040 |
|
|
|a GR-PaULI
|c GR-PaULI
|
| 041 |
0 |
|
|a eng
|
| 082 |
0 |
4 |
|a 190
|
| 100 |
1 |
|
|a Potter, Michael
|9 40827
|
| 245 |
1 |
0 |
|a Reason's nearest Kin
|b philosophies of arithmetic from Kant to Carnap
|c Michael Potter
|
| 260 |
|
|
|a Oxford
|b Oxford University Press
|c 2000
|
| 300 |
|
|
|a x, 305 p.
|c 23 cm.
|
| 504 |
|
|
|a Includes bibliographical references and index
|
| 650 |
|
4 |
|a Φιλοσοφία, Νεότερη
|9 3500
|
| 852 |
|
|
|a GR-PaULI
|b ΠΑΤΡΑ
|b ΦΙΛΟΣΟΦΙΑ
|k ΑΣΧΞ-4
|h 190 Ρ
|m 4498
|p 025000113893
|t 1
|
| 942 |
|
|
|2 ddc
|c BK15
|
| 952 |
|
|
|0 0
|1 0
|4 0
|6 190_000000000000000_Ρ
|7 0
|9 40505
|a PHIL
|b PHIL
|d 2016-04-24
|i 4498
|l 0
|o 190 Ρ
|p 025000113893
|r 2016-04-24 00:00:00
|t 1
|w 2016-04-24
|y BK15
|
| 998 |
|
|
|c ΜΠΟΜΠΑ
|d 2004-01
|
| 999 |
|
|
|c 26020
|d 26020
|